000
00285pab a2200121 454500
008
180718b xxu||||| |||| 00| 0 eng d
100
_a
Mishra, Girish
245
_a
First "indicative" plan
650
_a
Eight Plan
650
_a
Economic Development
773
_a
Patriot
909
_a
21700
999
_c
21700
_d
21700